000 00474cam a2200193ua 4500
020 _c10.60
041 _aeng
_h
082 _a335.43
_bSID/SO
100 _aSidney, .
245 _aSoviet communism : A new civilization /
_cSidney.
_hTextual Documents
250 _a3 /
_b.
260 _aLondon :
_bLongaman Green and Co ,
_c1947.
300 _a1007 ; .
365 _a10.60
504 _a
700 1 _aWeb, Beatrice .
942 _cBK
999 _c2129
_d2129